Teorie automatického řízení II : příklady /

Další autoři: Mařík, Vladimír, 1952-
Jazyk: Čeština
Vydáno: Praha : České vysoké učení technické, 1987
Vydání: 1. vyd.
Fyzický popis: 224 s.
Knihy
Uloženo v:
LEADER 00816nam a22002292a 4500
001 000274816
003 CZ BrMZK
005 19980103143423.0
008 980103s1987 xr f cze d
015 |a cnb000019600 
035 |a (OCoLC)85593688 
040 |a BOA001  |b cze 
080 |a 681.51(076.5)  |2 MRF 
245 0 0 |a Teorie automatického řízení II :  |b příklady /  |c V. Mařík...[et al.] 
250 |a 1. vyd. 
260 |a Praha :  |b České vysoké učení technické,  |c 1987 
300 |a 224 s. 
700 1 |a Mařík, Vladimír,  |d 1952-  |7 jn99240000702 
910 |a BOA001  |b TK-A-0235.055 
990 |a BK 
996 7 |b 2629965370  |c TK-A-0235.055  |l MZK  |r Sklad / do 24 hodin  |n 0  |w 000274816  |u 000020  |a 1  |e BOA001  |j MZK50  |s A 
996 7 |b 2629965371  |c TK-A-0235.055  |l MZK  |r Sklad / do 24 hodin  |n 6  |w 000274816  |u 000010  |a 1  |e BOA001  |j MZK50  |s A